01996nam a2200301 4500001000400000003000400004005001700008008004100025040000800066041001300074082001700087100003300104240001200137245010100149260002900250300001100279490002400290520119700314650002501511650002001536650002101556650001001577650001601587655001201603655001601615700003901631830002401670178OSt20250528074014.0250130b |||||||e |||| 00| 1 eng d bpor hspaapor aar860bC827j1 aCortazar, Julio,d1914-1984. aRayuela aO jogo da Amarelinha bVolume II /cCortázar, Julio ; Tradução de Fernando de Castro Ferro aSão PaulobAbrilc1985 a291 p.1 aGrandes Romancistas aO Jogo da Amarelinha (no original, Rayuela) é um romance escrito por Julio Cortázar em 1963, considerado a obra máxima do autor que, ao lado de Jorge Luis Borges, é o principal representante da literatura argentina, ambos marcados pelas obras extremamente criativas e originais. O assunto principal do livro não são os personagens, por sinal muito bem trabalhados, com capítulos sobre seus cacoetes, suas manias e suas vidas. O assunto principal é o próprio livro. Nas palavras do próprio autor, "esse livro é muitos livros, mas é, sobretudo, dois livros". O leitor pode começar do capítulo 1 e ir até o 56, tendo assim uma bem construída história sobre um triângulo amoroso. Ou pode optar por começar no capítulo 73, e começar a seguir a ordem indicada por Cortázar. Escolhendo a segunda opção, o leitor verá os acontecimentos de Maga, Oliveira, o Clube da Serpente e o narrador, e depois pode ler citações de grandes autores, textos debatendo a literatura atual, artigos sobre os personagens, desvarios, recortes de um texto maior. Tudo misturado, pulando capítulos para depois voltar aos mesmos, como se fosse um jogo da amarelinha. 0aLiteratura argentina 0aAmor e Paixão 0aGrandes Amizades 0aDrama 0aClássicos 0aRomance 0aFicção  aFernando de Castro FerroeTradutor aGrandes Romancistas